[Event "DVM U20 2020"]
[Site "Willingen GER"]
[Date "2021.06.26"]
[Round "5"]
[White "Goldbeck, Lars"]
[Black "Trifan, Andrei Ioan"]
[Result "1/2-1/2"]
[Termination "normal"]
[Board "4.2"]
[WhiteTitle "FM"]
[WhiteElo "2235"]
[BlackElo "2237"]
[WhiteClock "00:02:34"]
[BlackClock "00:03:59"]
[WhiteTeam "SC Bavaria Regensburg von 1881 e.V."]
[BlackTeam "OSG Baden-Baden"]
[PlyCount "71"]
[WhiteFideId "16208188"]
[BlackFideId "12967068"]
[EventCountry "GER"]
[EventRounds "7"]
[EventType "team-swiss"]
[EventDate "2021.06.23"]

1. d4 {[%clk 01:30:58]} {[%emt 00:00:01]} Nf6 {[%clk 01:30:31]} {[%emt
00:00:27]} 2. c4 {[%clk 01:31:27]} {[%emt 00:00:03]} g6 {[%clk 01:30:13]}
{[%emt 00:00:48]} 3. Nc3 {[%clk 01:31:48]} {[%emt 00:00:09]} Bg7 {[%clk
01:30:00]} {[%emt 00:00:42]} 4. e4 {[%clk 01:32:17]} {[%emt 00:00:02]} d6
{[%clk 01:30:08]} {[%emt 00:00:21]} 5. f3 {[%clk 01:32:35]} {[%emt 00:00:13]}
O-O {[%clk 01:29:52]} {[%emt 00:00:46]} 6. Nge2 {[%clk 01:32:46]} {[%emt
00:00:19]} a6 {[%clk 01:21:41]} {[%emt 00:08:41]} 7. Be3 {[%clk 01:33:06]}
{[%emt 00:00:09]} Nc6 {[%clk 01:21:43]} {[%emt 00:00:28]} 8. Qd2 {[%clk
01:33:32]} {[%emt 00:00:05]} Rb8 {[%clk 01:21:28]} {[%emt 00:00:45]} 9. Rc1
{[%clk 01:33:30]} {[%emt 00:00:32]} e5 {[%clk 01:18:42]} {[%emt 00:03:15]} 10.
d5 {[%clk 01:31:46]} {[%emt 00:02:15]} Ne7 {[%clk 01:18:36]} {[%emt 00:00:35]}
11. g3 {[%clk 01:28:25]} {[%emt 00:03:52]} Nd7 {[%clk 01:14:29]} {[%emt
00:04:36]} 12. Bg2 {[%clk 01:28:54]} {[%emt 00:00:02]} f5 {[%clk 01:11:39]}
{[%emt 00:03:19]} 13. O-O {[%clk 01:29:14]} {[%emt 00:00:10]} Nf6 {[%clk
01:07:48]} {[%emt 00:04:21]} 14. Kh1 {[%clk 01:27:28]} {[%emt 00:02:17]} c5
{[%clk 00:58:55]} {[%emt 00:09:23]} 15. b4 {[%clk 01:13:17]} {[%emt 00:14:41]}
b6 {[%clk 00:48:18]} {[%emt 00:11:07]} 16. Rb1 {[%clk 01:10:42]} {[%emt
00:03:05]} Bd7 {[%clk 00:45:41]} {[%emt 00:03:06]} 17. a3 {[%clk 00:55:38]}
{[%emt 00:15:36]} Kh8 {[%clk 00:44:00]} {[%emt 00:02:09]} 18. Nc1 {[%clk
00:49:03]} {[%emt 00:07:05]} Qc7 {[%clk 00:40:46]} {[%emt 00:03:44]} 19. Nd3
{[%clk 00:41:04]} {[%emt 00:08:29]} cxb4 {[%clk 00:33:12]} {[%emt 00:08:05]}
20. Nxb4 {[%clk 00:38:52]} {[%emt 00:02:42]} Bc8 {[%clk 00:26:15]} {[%emt
00:07:27]} 21. Nd3 {[%clk 00:34:47]} {[%emt 00:04:35]} Nd7 {[%clk 00:23:41]}
{[%emt 00:03:03]} 22. Bg5 {[%clk 00:32:10]} {[%emt 00:03:08]} Bf6 {[%clk
00:20:36]} {[%emt 00:03:35]} 23. Bh6 {[%clk 00:30:41]} {[%emt 00:02:00]} Rg8
{[%clk 00:20:27]} {[%emt 00:00:38]} 24. Be3 {[%clk 00:31:04]} {[%emt 00:00:07]}
Nc5 {[%clk 00:17:19]} {[%emt 00:03:39]} 25. Nxc5 {[%clk 00:30:56]} {[%emt
00:00:38]} bxc5 {[%clk 00:17:31]} {[%emt 00:00:17]} 26. Rxb8 {[%clk 00:31:20]}
{[%emt 00:00:05]} Qxb8 {[%clk 00:17:38]} {[%emt 00:00:23]} 27. Rb1 {[%clk
00:31:49]} Qc7 {[%clk 00:15:15]} {[%emt 00:02:55]} 28. Qb2 {[%clk 00:32:08]}
{[%emt 00:00:11]} Rf8 {[%clk 00:10:55]} {[%emt 00:04:50]} 29. Qb8 {[%clk
00:24:39]} {[%emt 00:08:00]} Qxb8 {[%clk 00:09:46]} {[%emt 00:01:38]} 30. Rxb8
{[%clk 00:24:29]} {[%emt 00:00:40]} Ng8 {[%clk 00:09:46]} {[%emt 00:00:30]} 31.
exf5 {[%clk 00:12:57]} {[%emt 00:12:03]} gxf5 {[%clk 00:07:43]} {[%emt
00:02:32]} 32. Na4 {[%clk 00:11:46]} {[%emt 00:01:41]} Ne7 {[%clk 00:07:13]}
{[%emt 00:00:59]} 33. Rb6 {[%clk 00:05:49]} {[%emt 00:06:27]} Bd7 {[%clk
00:06:49]} {[%emt 00:00:54]} 34. Nc3 {[%clk 00:04:36]} {[%emt 00:01:43]} e4
{[%clk 00:05:53]} {[%emt 00:01:26]} 35. Ne2 {[%clk 00:04:49]} {[%emt 00:00:18]}
Ba4 {[%clk 00:03:59]} {[%emt 00:02:22]} 36. Rxd6 {[%clk 00:02:34]} {[%emt
00:02:44]} 1/2-1/2

[Event "DVM U20 2020"]
[Site "Willingen GER"]
[Date "2021.06.26"]
[Round "5"]
[White "Wu, Luka"]
[Black "Oberhofer, Cédric"]
[Result "0-1"]
[Termination "normal"]
[Board "4.3"]
[WhiteElo "2065"]
[BlackElo "2262"]
[WhiteClock "00:04:28"]
[BlackClock "00:13:13"]
[WhiteTeam "OSG Baden-Baden"]
[BlackTeam "SC Bavaria Regensburg von 1881 e.V."]
[PlyCount "66"]
[WhiteFideId "12977420"]
[BlackFideId "12941220"]
[EventCountry "GER"]
[EventRounds "7"]
[EventType "team-swiss"]
[EventDate "2021.06.23"]

1. e4 {[%clk 01:30:57]} {[%emt 00:00:02]} c5 {[%clk 01:30:50]} {[%emt
00:00:10]} 2. Nf3 {[%clk 01:31:22]} {[%emt 00:00:06]} d6 {[%clk 01:31:15]}
{[%emt 00:00:05]} 3. d4 {[%clk 01:31:47]} {[%emt 00:00:05]} cxd4 {[%clk
01:31:40]} {[%emt 00:00:05]} 4. Nxd4 {[%clk 01:32:12]} {[%emt 00:00:05]} Nf6
{[%clk 01:32:05]} {[%emt 00:00:05]} 5. Nc3 {[%clk 01:32:36]} {[%emt 00:00:05]}
Nc6 {[%clk 01:32:32]} {[%emt 00:00:06]} 6. Be2 {[%clk 01:24:58]} {[%emt
00:08:06]} e5 {[%clk 01:31:08]} {[%emt 00:01:54]} 7. Nb3 {[%clk 01:21:06]}
{[%emt 00:04:22]} Be7 {[%clk 01:30:38]} {[%emt 00:00:59]} 8. O-O {[%clk
01:20:01]} {[%emt 00:01:35]} O-O {[%clk 01:29:19]} {[%emt 00:01:49]} 9. Be3
{[%clk 01:14:10]} {[%emt 00:06:21]} Be6 {[%clk 01:22:41]} {[%emt 00:07:08]} 10.
Qd2 {[%clk 01:07:59]} {[%emt 00:06:42]} a5 {[%clk 01:08:52]} {[%emt 00:14:19]}
11. Rad1 {[%clk 01:02:47]} {[%emt 00:05:42]} a4 {[%clk 01:07:38]} {[%emt
00:01:44]} 12. Nc1 {[%clk 01:01:21]} {[%emt 00:01:56]} Qa5 {[%clk 01:02:01]}
{[%emt 00:06:07]} 13. Bf3 {[%clk 00:52:07]} {[%emt 00:09:45]} Rfc8 {[%clk
00:56:29]} {[%emt 00:06:00]} 14. N1e2 {[%clk 00:45:57]} {[%emt 00:06:41]} Nb8
{[%clk 00:49:02]} {[%emt 00:07:56]} 15. Bg5 {[%clk 00:41:39]} {[%emt 00:04:48]}
Nbd7 {[%clk 00:48:40]} {[%emt 00:00:51]} 16. Ng3 {[%clk 00:37:00]} {[%emt
00:05:10]} a3 {[%clk 00:41:40]} {[%emt 00:07:30]} 17. Bxf6 {[%clk 00:11:27]}
{[%emt 00:26:04]} Nxf6 {[%clk 00:39:37]} {[%emt 00:02:33]} 18. Nf5 {[%clk
00:10:50]} {[%emt 00:01:06]} Bxf5 {[%clk 00:31:51]} {[%emt 00:08:17]} 19. exf5
{[%clk 00:11:10]} {[%emt 00:00:10]} Rc7 {[%clk 00:28:52]} {[%emt 00:03:28]} 20.
Nd5 {[%clk 00:11:24]} {[%emt 00:00:16]} Nxd5 {[%clk 00:28:56]} {[%emt
00:00:26]} 21. Bxd5 {[%clk 00:11:49]} {[%emt 00:00:06]} Qxd2 {[%clk 00:26:07]}
{[%emt 00:03:18]} 22. Rxd2 {[%clk 00:12:14]} {[%emt 00:00:06]} Bg5 {[%clk
00:26:09]} {[%emt 00:00:28]} 23. f4 {[%clk 00:06:44]} {[%emt 00:06:00]} Bxf4
{[%clk 00:26:20]} {[%emt 00:00:18]} 24. Rxf4 {[%clk 00:06:40]} {[%emt
00:00:34]} exf4 {[%clk 00:26:36]} {[%emt 00:00:14]} 25. b3 {[%clk 00:06:14]}
{[%emt 00:00:57]} Kf8 {[%clk 00:22:04]} {[%emt 00:05:02]} 26. Kf2 {[%clk
00:06:16]} {[%emt 00:00:28]} Re8 {[%clk 00:18:46]} {[%emt 00:03:47]} 27. Kf3
{[%clk 00:04:28]} {[%emt 00:02:19]} Re1 {[%clk 00:17:00]} {[%emt 00:02:15]} 28.
b4 {[%clk 00:03:19]} {[%emt 00:01:39]} Rf1+ {[%clk 00:15:07]} {[%emt 00:02:23]}
29. Ke2 {[%clk 00:03:45]} {[%emt 00:00:05]} Rb1 {[%clk 00:15:22]} {[%emt
00:00:13]} 30. Bb3 {[%clk 00:03:41]} {[%emt 00:00:35]} Re7+ {[%clk 00:12:41]}
{[%emt 00:03:11]} 31. Kf2 {[%clk 00:04:02]} {[%emt 00:00:09]} Ree1 {[%clk
00:12:50]} {[%emt 00:00:21]} 32. Rxd6 {[%clk 00:04:03]} {[%emt 00:00:29]} Rf1+
{[%clk 00:12:55]} {[%emt 00:00:25]} 33. Ke2 {[%clk 00:04:28]} {[%emt 00:00:05]}
Rbe1+ {[%clk 00:13:13]} {[%emt 00:00:12]} 0-1

[Event "DVM U20 2020"]
[Site "Willingen GER"]
[Date "2021.06.26"]
[Round "5"]
[White "Dechant, Georg"]
[Black "Wu, Leon"]
[Result "1/2-1/2"]
[Termination "normal"]
[Board "4.4"]
[WhiteElo "2022"]
[BlackElo "1981"]
[WhiteClock "00:11:00"]
[BlackClock "00:02:55"]
[WhiteTeam "SC Bavaria Regensburg von 1881 e.V."]
[BlackTeam "OSG Baden-Baden"]
[PlyCount "83"]
[WhiteFideId "12956716"]
[BlackFideId "12977438"]
[EventCountry "GER"]
[EventRounds "7"]
[EventType "team-swiss"]
[EventDate "2021.06.23"]

1. e4 {[%clk 01:30:57]} {[%emt 00:00:03]} c5 {[%clk 01:30:47]} {[%emt
00:00:14]} 2. Nf3 {[%clk 01:31:21]} {[%emt 00:00:05]} d6 {[%clk 01:31:08]}
{[%emt 00:00:09]} 3. d4 {[%clk 01:31:47]} {[%emt 00:00:05]} cxd4 {[%clk
01:31:33]} {[%emt 00:00:05]} 4. Nxd4 {[%clk 01:32:12]} {[%emt 00:00:05]} Nf6
{[%clk 01:31:58]} {[%emt 00:00:05]} 5. Nc3 {[%clk 01:32:37]} {[%emt 00:00:04]}
g6 {[%clk 01:32:14]} {[%emt 00:00:13]} 6. Be2 {[%clk 01:33:03]} {[%emt
00:00:04]} Bg7 {[%clk 01:32:26]} {[%emt 00:00:18]} 7. O-O {[%clk 01:33:27]}
{[%emt 00:00:06]} O-O {[%clk 01:32:11]} {[%emt 00:00:46]} 8. Be3 {[%clk
01:33:52]} {[%emt 00:00:05]} Nc6 {[%clk 01:32:31]} {[%emt 00:00:10]} 9. h3
{[%clk 01:34:17]} {[%emt 00:00:05]} Bd7 {[%clk 01:32:25]} {[%emt 00:00:36]} 10.
Nb3 {[%clk 01:34:28]} {[%emt 00:00:19]} a6 {[%clk 01:27:21]} {[%emt 00:05:34]}
11. f4 {[%clk 01:33:47]} {[%emt 00:01:10]} b5 {[%clk 01:26:30]} {[%emt
00:01:22]} 12. a3 {[%clk 01:34:13]} {[%emt 00:00:05]} Rc8 {[%clk 01:23:27]}
{[%emt 00:03:32]} 13. Bf3 {[%clk 01:33:23]} {[%emt 00:01:19]} Be6 {[%clk
01:00:47]} {[%emt 00:23:10]} 14. Nd5 {[%clk 01:20:45]} {[%emt 00:13:08]} Nd7
{[%clk 00:57:42]} {[%emt 00:03:36]} 15. c3 {[%clk 01:18:18]} {[%emt 00:02:58]}
Re8 {[%clk 00:54:59]} {[%emt 00:03:12]} 16. Qd2 {[%clk 01:14:36]} {[%emt
00:04:11]} Na5 {[%clk 00:49:55]} {[%emt 00:05:34]} 17. Nxa5 {[%clk 01:14:38]}
{[%emt 00:00:29]} Qxa5 {[%clk 00:50:16]} {[%emt 00:00:09]} 18. Qf2 {[%clk
01:11:14]} {[%emt 00:03:53]} Rb8 {[%clk 00:37:28]} {[%emt 00:13:18]} 19. g4
{[%clk 01:05:31]} {[%emt 00:06:13]} Qd8 {[%clk 00:34:37]} {[%emt 00:03:22]} 20.
Kg2 {[%clk 00:44:14]} {[%emt 00:21:46]} Bxd5 {[%clk 00:29:13]} {[%emt
00:05:54]} 21. exd5 {[%clk 00:44:34]} {[%emt 00:00:11]} Nb6 {[%clk 00:28:59]}
{[%emt 00:00:44]} 22. h4 {[%clk 00:31:05]} {[%emt 00:13:58]} Nc4 {[%clk
00:26:10]} {[%emt 00:03:19]} 23. h5 {[%clk 00:31:06]} {[%emt 00:00:29]} Nxe3+
{[%clk 00:24:43]} {[%emt 00:01:57]} 24. Qxe3 {[%clk 00:31:32]} {[%emt
00:00:05]} Qb6 {[%clk 00:24:39]} {[%emt 00:00:33]} 25. Qd3 {[%clk 00:31:28]}
{[%emt 00:00:34]} Qc5 {[%clk 00:23:25]} {[%emt 00:01:45]} 26. hxg6 {[%clk
00:31:03]} {[%emt 00:00:54]} hxg6 {[%clk 00:23:03]} {[%emt 00:00:51]} 27. f5
{[%clk 00:30:07]} {[%emt 00:01:28]} g5 {[%clk 00:19:00]} {[%emt 00:04:33]} 28.
Rh1 {[%clk 00:21:26]} {[%emt 00:09:10]} Bf6 {[%clk 00:15:46]} {[%emt 00:03:45]}
29. Rh5 {[%clk 00:21:38]} {[%emt 00:00:17]} Kg7 {[%clk 00:14:04]} {[%emt
00:02:12]} 30. Qd2 {[%clk 00:17:10]} {[%emt 00:05:00]} Rh8 {[%clk 00:05:06]}
{[%emt 00:09:27]} 31. Rxg5+ {[%clk 00:16:08]} {[%emt 00:01:32]} Bxg5 {[%clk
00:04:11]} {[%emt 00:01:25]} 32. Qxg5+ {[%clk 00:16:33]} {[%emt 00:00:04]} Kf8
{[%clk 00:04:37]} {[%emt 00:00:04]} 33. f6 {[%clk 00:16:56]} {[%emt 00:00:07]}
exf6 {[%clk 00:04:53]} {[%emt 00:00:15]} 34. Qxf6 {[%clk 00:17:21]} {[%emt
00:00:04]} Rh7 {[%clk 00:03:52]} {[%emt 00:01:31]} 35. Be4 {[%clk 00:16:47]}
{[%emt 00:01:03]} Rg7 {[%clk 00:04:08]} {[%emt 00:00:14]} 36. Rh1 {[%clk
00:16:08]} {[%emt 00:01:10]} Kg8 {[%clk 00:02:00]} {[%emt 00:02:39]} 37. Qh4
{[%clk 00:15:57]} {[%emt 00:00:40]} Kf8 {[%clk 00:02:18]} {[%emt 00:00:12]} 38.
Re1 {[%clk 00:12:20]} {[%emt 00:04:07]} Re8 {[%clk 00:02:09]} {[%emt 00:00:40]}
39. Qh8+ {[%clk 00:12:41]} {[%emt 00:00:08]} Rg8 {[%clk 00:02:28]} {[%emt
00:00:11]} 40. Qh6+ {[%clk 00:12:45]} {[%emt 00:00:26]} Rg7 {[%clk 00:02:43]}
{[%emt 00:00:15]} 41. Qh8+ {[%clk 00:11:14]} {[%emt 00:02:01]} Rg8 {[%clk
00:02:55]} {[%emt 00:00:18]} 42. Qh6+ {[%clk 00:11:00]} {[%emt 00:00:42]}
1/2-1/2

[Event "DVM U20 2020"]
[Site "Willingen GER"]
[Date "2021.06.26"]
[Round "5"]
[White "Jurga, Jonas Vincent"]
[Black "Ließ, Alexander"]
[Result "0-1"]
[Termination "normal"]
[Board "4.5"]
[WhiteElo "1907"]
[BlackElo "1911"]
[WhiteClock "01:04:53"]
[BlackClock "00:16:09"]
[WhiteTeam "OSG Baden-Baden"]
[BlackTeam "SC Bavaria Regensburg von 1881 e.V."]
[PlyCount "90"]
[WhiteFideId "12968013"]
[BlackFideId "16221338"]
[EventCountry "GER"]
[EventRounds "7"]
[EventType "team-swiss"]
[EventDate "2021.06.23"]

1. e4 {[%clk 01:30:54]} {[%emt 00:00:06]} c5 {[%clk 01:30:38]} {[%emt
00:00:22]} 2. Nf3 {[%clk 01:31:18]} {[%emt 00:00:05]} d6 {[%clk 01:30:55]}
{[%emt 00:00:14]} 3. d4 {[%clk 01:31:43]} {[%emt 00:00:06]} cxd4 {[%clk
01:31:18]} {[%emt 00:00:07]} 4. Nxd4 {[%clk 01:32:09]} Nf6 {[%clk 01:31:38]}
{[%emt 00:00:12]} 5. Nc3 {[%clk 01:32:35]} a6 {[%clk 01:31:54]} {[%emt
00:00:18]} 6. Bg5 {[%clk 01:32:58]} e6 {[%clk 01:31:47]} {[%emt 00:00:44]} 7.
f4 {[%clk 01:33:19]} h6 {[%clk 01:29:19]} {[%emt 00:03:07]} 8. Bh4 {[%clk
01:27:10]} Be7 {[%clk 01:29:04]} {[%emt 00:07:25]} 9. Qf3 {[%clk 01:27:03]}
{[%emt 00:00:37]} Nbd7 {[%clk 01:29:00]} {[%emt 00:00:33]} 10. O-O-O {[%clk
01:27:21]} {[%emt 00:00:13]} Qc7 {[%clk 01:26:32]} {[%emt 00:02:57]} 11. Bd3
{[%clk 01:27:15]} {[%emt 00:00:36]} b5 {[%clk 01:15:16]} {[%emt 00:11:47]} 12.
e5 {[%clk 01:27:38]} {[%emt 00:00:07]} Bb7 {[%clk 01:11:48]} {[%emt 00:03:58]}
13. Nxe6 {[%clk 01:26:54]} {[%emt 00:01:14]} fxe6 {[%clk 01:00:34]} {[%emt
00:11:44]} 14. Bg6+ {[%clk 01:21:51]} {[%emt 00:05:33]} Kf8 {[%clk 00:57:40]}
{[%emt 00:03:23]} 15. exf6 {[%clk 01:22:14]} {[%emt 00:00:08]} Bxf3 {[%clk
00:47:27]} {[%emt 00:10:43]} 16. fxe7+ {[%clk 01:19:51]} {[%emt 00:02:53]} Kg8
{[%clk 00:47:50]} {[%emt 00:00:07]} 17. gxf3 {[%clk 01:20:12]} {[%emt
00:00:09]} Nf6 {[%clk 00:39:18]} {[%emt 00:09:01]} 18. Bxf6 {[%clk 01:17:58]}
{[%emt 00:02:45]} gxf6 {[%clk 00:39:28]} {[%emt 00:00:20]} 19. e8=Q+ {[%clk
01:17:54]} {[%emt 00:00:34]} Rxe8 {[%clk 00:39:48]} {[%emt 00:00:10]} 20. Bxe8
{[%clk 01:18:13]} {[%emt 00:00:11]} Kf8 {[%clk 00:31:59]} {[%emt 00:08:18]} 21.
Bg6 {[%clk 01:11:58]} {[%emt 00:06:46]} b4 {[%clk 00:26:29]} {[%emt 00:06:00]}
22. Ne2 {[%clk 01:04:57]} {[%emt 00:07:30]} Qc4 {[%clk 00:22:28]} {[%emt
00:04:31]} 23. Bd3 {[%clk 01:04:22]} {[%emt 00:01:05]} Qxa2 {[%clk 00:21:29]}
{[%emt 00:01:29]} 24. b3 {[%clk 01:04:38]} {[%emt 00:00:15]} Qa5 {[%clk
00:20:56]} {[%emt 00:01:02]} 25. Rhg1 {[%clk 01:00:18]} {[%emt 00:04:51]} Rg8
{[%clk 00:19:15]} {[%emt 00:02:10]} 26. Rxg8+ {[%clk 00:58:49]} {[%emt
00:02:00]} Kxg8 {[%clk 00:19:40]} {[%emt 00:00:04]} 27. f5 {[%clk 00:57:24]}
{[%emt 00:01:55]} Kf7 {[%clk 00:11:42]} {[%emt 00:08:29]} 28. fxe6+ {[%clk
00:57:06]} {[%emt 00:00:49]} Kxe6 {[%clk 00:12:01]} {[%emt 00:00:09]} 29. Bc4+
{[%clk 00:56:11]} {[%emt 00:01:25]} Kd7 {[%clk 00:11:43]} {[%emt 00:00:48]} 30.
Rd5 {[%clk 00:56:04]} {[%emt 00:00:36]} Qa1+ {[%clk 00:10:31]} {[%emt
00:01:43]} 31. Kd2 {[%clk 00:56:22]} {[%emt 00:00:12]} Qh1 {[%clk 00:10:45]}
{[%emt 00:00:16]} 32. Nd4 {[%clk 00:51:07]} {[%emt 00:05:46]} Qxh2+ {[%clk
00:09:49]} {[%emt 00:01:26]} 33. Kc1 {[%clk 00:51:19]} {[%emt 00:00:17]} Qg1+
{[%clk 00:06:50]} {[%emt 00:03:30]} 34. Kb2 {[%clk 00:50:02]} {[%emt 00:01:47]}
Qe1 {[%clk 00:04:53]} {[%emt 00:02:26]} 35. Nf5 {[%clk 00:47:55]} {[%emt
00:02:37]} Qc3+ {[%clk 00:04:48]} {[%emt 00:00:35]} 36. Kb1 {[%clk 00:45:15]}
{[%emt 00:03:10]} Qxf3 {[%clk 00:05:11]} {[%emt 00:00:07]} 37. Nxd6 {[%clk
00:45:14]} {[%emt 00:00:32]} Kc6 {[%clk 00:03:56]} {[%emt 00:01:43]} 38. Nf5
{[%clk 00:44:58]} {[%emt 00:00:47]} Qh1+ {[%clk 00:01:40]} {[%emt 00:02:46]}
39. Kb2 {[%clk 00:44:24]} {[%emt 00:01:05]} Qe1 {[%clk 00:00:56]} {[%emt
00:01:14]} 40. Nd4+ {[%clk 00:43:19]} {[%emt 00:01:34]} Kb6 {[%clk 00:00:40]}
{[%emt 00:00:46]} 41. Ne2 {[%clk 00:41:44]} {[%emt 00:02:06]} Qf2 {[%clk
00:23:39]} {[%emt 00:07:30]} 42. Bd3 {[%clk 01:08:49]} {[%emt 00:03:25]} Qf3
{[%clk 00:18:27]} {[%emt 00:05:42]} 43. Rf5 {[%clk 01:04:56]} {[%emt 00:04:24]}
Qc6 {[%clk 00:18:21]} {[%emt 00:00:34]} 44. Nf4 {[%clk 01:05:15]} {[%emt
00:00:13]} a5 {[%clk 00:15:44]} {[%emt 00:03:06]} 45. Rxf6 {[%clk 01:04:53]}
{[%emt 00:00:52]} Qxf6+ {[%clk 00:16:09]} {[%emt 00:00:05]} 0-1